Asia Map Click Quiz in Japanese - Statistics

General Stats
  • This quiz has been taken 69 times
  • The average score is 35 of 48
Answers on the Map
Answers color-coded by a green-red scale on the quiz's map according to % correct below.
 
Answer Stats
Answer % Correct
Afuganisutan
88%
Indo
86%
Firipin
82%
Nepāru
82%
Suriranka
82%
Indoneshia
80%
Kazafusutan
80%
Mongoru
80%
Nihon
80%
Pakisutan
80%
Arumenia
78%
Banguradeshu
78%
Iemen
78%
Omān
78%
Saujiarabia
78%
Shiria
78%
Tai
78%
Taiwan
78%
Azerubaijan
76%
Higashi Timōru
76%
Iraku
76%
Iran
76%
Myanmā
76%
Shingapōru
76%
Tajikisutan
76%
Arabushuchōkokurenpō
74%
Chūgoku
74%
Kanbojia
74%
Katāru
74%
Rebanon
74%
Uzubekisutan
74%
Yorudan
74%
Bārēn
72%
Burunei
72%
Būtan
72%
Kirugisutan
72%
Marēshia
72%
Raosu
72%
Gurujia
70%
Isuraeru
70%
Torukumenisutan
70%
Kipurosu
68%
Kuu~ēto
68%
Betonamu
66%
Morudibu
62%
Kankoku
56%
Kitachōsen
52%
Shichimenchō
40%
No matching quizzes found
Score Distribution
Percent of People with Each Score
Percentile by Number Answered
Your Score History
You have not taken this quiz